Programmja a Selmecbányai m. kir. bányászati és erdészeti főiskola

Bibliographic Details
Format: Book
Language:Hungarian
PhysicalDescription:ix, 188 s. 24 cm
Published: Selmecbánya Joerges Ágost özv. és fia Könyvnyomdája 1917
Edition:3. kiad.
Subjects:

MARC

LEADER 00000nam a2200000 a 4500
001 vtls008901161
003 SK-MaSNL
005 20260301094825.0
008 180810s1917 xo d 000 0 hun
020 |q (brož.) 
040 |a SNK  |b slo  |c SNK  |e AACR2 
041 0 |a hun 
044 |a xo  |c SK 
072 7 |a 378  |x Vysoké školy  |2 konspekt 
080 |a 378.6:62  |2 2001 
080 |a (437.6)  |2 2001 
080 |a 378.14  |2 2001 
080 |a 371.214.112  |2 2001 
080 |a (035)  |2 2001 
245 0 0 |a Programmja  |b a Selmecbányai m. kir. bányászati és erdészeti főiskola 
250 |a 3. kiad. 
260 |a Selmecbánya  |b Joerges Ágost özv. és fia Könyvnyomdája  |c 1917 
300 |a ix, 188 s.  |c 24 cm 
500 |a Pod názvom: A főiskola rektorátusa 
610 2 7 |a Banská a lesnícka škola (Banská Štiavnica, Slovensko)  |2 SNKKA  |9 429205 
650 0 7 |a vysoké školy technické  |2 SNKPH  |9 71431 
650 0 7 |a vysokoškolské štúdium  |2 SNKPH  |9 4044 
650 0 7 |a študijné odbory  |2 SNKPH  |9 68762 
651 7 |a Banská Štiavnica (Slovensko)  |2 SNKPH  |9 16373 
655 7 |a príručky  |2 SNKPH  |9 74364 
752 |a Slovensko  |d Banská Štiavnica 
958 |a ONDV 
999 |c 681413  |d 683343 
952 |a SNK  |b SNK  |y PREZ  |7 0  |p 17A0509186  |o snkSC 126011  |i snk2006/26459  |8 1  |0 0  |1 0  |4 0  |d 2006-12-19  |l 0  |r 2025-06-11 00:00:00  |w 2026-02-23